Kaikki Suomen jalkapallo pääsarjajoukkueet - Statistics

Yleistilastot
  • Tätä visaa on pelattu 551 kertaa
    549 viimeisimmän päivityksen jälkeen
  • Keskiarvotulos 45 / 83
Vastaustilastot
Joukkue % Oikein
HJK
99%
KuPS
92%
TPS
92%
Ilves
90%
HIFK
89%
FC Inter
87%
RoPS
87%
KTP
84%
SJK
84%
Haka
83%
VPS
83%
Honka
80%
FC Lahti
78%
MyPa
75%
Reipas
75%
FC Jazz
74%
IFK Mariehamn
74%
AC Oulu
73%
TamU
73%
FF Jaro
71%
KPV
71%
Kuusysi
69%
MP
69%
JJK
67%
TPV
67%
Jokerit
66%
OPS
65%
HPS
64%
PK-35
63%
EIF
60%
VIFK
59%
ÅIFK
58%
FinnPa
57%
Kiffen
56%
Allianssi
55%
KaPa
53%
Viikingit
53%
FC Hämeenlinna
52%
PS Kemi
52%
OTP
51%
Atlantis
50%
KePS
50%
Ilves-Kissat
49%
Sudet
49%
TP-47
49%
GBK
48%
Ässät
46%
Ponnistus
45%
Pyrkivä
45%
TuTo
45%
FC Oulu
44%
Elo
43%
KPT
42%
PK-35 Vantaa
42%
Sepsi-78
41%
Unitas
41%
HIK
40%
FC KTP
39%
HT
39%
PUS
39%
TaPa
39%
TaPa
39%
Kumu
38%
Drott
37%
Kullervo
37%
TP-Seinäjoki
37%
MiPK
35%
TPK
34%
ViPS
34%
PPT
33%
TuWe
33%
Into
32%
Jäntevä
32%
Kiri
31%
Ru-38
30%
KoRe
29%
UL
29%
VPV
29%
PPojat
28%
TKT
27%
RTU
26%
Stjärnan
25%
TuKV
25%
Ehtoja vastaavia visoja ei löytynyt
Tulosjakauma
Jokaisen tuloksen saaneiden osuus
Persentiili vastausten määrän mukaan
Tuloshistoriasi
Et ole pelannut tätä visaa sen viimeisimmän päivityksen jälkeen